000 00787nam a22001817a 4500
999 _c371283
_d371283
008 201127b ||||| |||| 00| 0 eng d
040 _aDE-2950
_bger
_cDE-2950
_erda
041 _ager
245 _aGericht bietet Rame H. einen Deal an.
_bRecht: Vor Heiligabend wurde es im Drogenprozess am Landgericht Frankfurt (Oder) noch einmal spannend. für ein Geständnis könnten der Gastronom und seine Mitangeklagten mildere Strafen erwarten /
_cInes Weber-Rath
264 _c2021
653 _aFrankfurt (Oder)
653 _aDrogenkriminalität
773 _dFrankfurt (Oder) Märkisches Verlags- und Druckhaus GmbH & Co KG
_tMärkische Oderzeitung
_g32. Jahrgang (2021) Nr. 301 vom 24.12.2021, S. 22
942 _cA